000 00466nam a2200157 a 4500
001 000035930
005 20200930074729.0
008 111117s2011 dr 000 0 spa d
040 _aDO-SdBNP
_bspa
_cBNPHU
100 1 _aGómez, Wendie
_961954
245 1 0 _a99 recetas de Wendie Gómez /
_cWendie Gómez.
246 1 0 _aNoventa y nueve recetas de Wendie Gómez
260 _aSanto Domingo :
_bRed Line Printing,
_c2011.
300 _a129 p. ;
_c14 cm.
049 _aBNPD
999 _c35421
_d35421